| 000 | 004220000a22001210004500 | ||
|---|---|---|---|
| 100 | 1 | _aThomas, Catherine | |
| 245 | 1 | 0 | _aThe maths of a miracle |
| 300 | _aVol.0, núm.120 ( , 2008), Páginas 12-15 | ||
| 500 | _aTearfund invita a la iglesia mundial a la reflexión sobre la pobreza mundial y el papel de cada uno en suplir las necesidades de los pobres. | ||
| 650 | 1 | 4 | _aPOBREZA MUNDIAL |
| 773 | 0 | _tTeartimes | |
| 942 | _cANA | ||
| 999 |
_c62556 _d62556 |
||